Техносферная безопасность. Управление газообменом на пожаре с использованием специальных технических средств (Запись № 13658921)
[ простой вид ]
| 000 -МАРКЕР | |
|---|---|
| контрольное поле | 03475nam0a2200397 4500 |
| 001 - ИДЕНТИФИКАТОР ЗАПИСИ | |
| контрольное поле | RU\NLR\BIBL_A\022202481 |
| 005 - ИДЕНТИФИКАТОР ВЕРСИИ | |
| контрольное поле | 20260420005035.0 |
| 010 ## - МЕЖДУНАРОДНЫЙ СТАНДАРТНЫЙ НОМЕР КНИГИ (ISBN) | |
| Номер (ISBN) | 978-5-907724-40-2 |
| Тираж | 500 |
| 021 ## - НОМЕР ГОСУДАРСТВЕННОЙ РЕГИСТРАЦИИ | |
| Код страны | российская федерация |
| Номер | КН-П-24-015058 |
| Номер Листа государственной регистраци | КН-П-24-1587 |
| 035 ## - ДРУГИЕ СИСТЕМНЫЕ НОМЕРА | |
| Идентификатор записи | (NLR Aleph) 022202481 |
| 100 ## - ДАННЫЕ ОБЩЕЙ ОБРАБОТКИ | |
| Данные общей обработки | 20240419d2023 u y0rusy50 ca |
| 101 0# - ЯЗЫК РЕСУРСА | |
| Язык текста, звукозаписи и т.д. | русский |
| 102 ## - СТРАНА ПУБЛИКАЦИИ ИЛИ ПРОИЗВОДСТВА | |
| Страна публикации | российская федерация |
| 105 ## - ПОЛЕ КОДИРОВАННЫХ ДАННЫХ: ТЕКСТОВЫЕ МАТЕРИАЛЫ, МОНОГРАФИЧЕСКИЕ | |
| Кодированные данные о монографическом текстовом документе | a j 000yy |
| 181 #0 - ПОЛЕ КОДИРОВАННЫХ ДАННЫХ: ВИД СОДЕРЖАНИЯ | |
| Код вида содержания (ISBD) | i3 |
| Код характеристики содержания (ISBD) | axxe |
| 181 #0 - ПОЛЕ КОДИРОВАННЫХ ДАННЫХ: ВИД СОДЕРЖАНИЯ | |
| Код вида содержания (ISBD) | b1 |
| Код характеристики содержания (ISBD) | xb2e |
| 182 #0 - ПОЛЕ КОДИРОВАННЫХ ДАННЫХ: ТИП СРЕДСТВА | |
| Код типа средства (ISBD) | n - непосредственное |
| 200 1# - ЗАГЛАВИЕ И СВЕДЕНИЯ ОБ ОТВЕТСТВЕННОСТИ | |
| Основное заглавие | Техносферная безопасность. Управление газообменом на пожаре с использованием специальных технических средств |
| Сведения, относящиеся к заглавию | учебное пособие |
| -- | для реализации основных основных профессиональных образовательных программ высшего образования по направлениям подготовки бакалавров 20.03.01 - Техносферная безопасность и специальности 20.05.01 - Пожарная безопасность |
| Первые сведения об ответственности | Гавкалюк Б. В., Крымский В. В., Турсенев С. А. [и др.] |
| Последующие сведения об ответственности | под общ. ред. И. П. Денисова |
| -- | Министерство Российской Федерации по делам гражданской обороны, чрезвычайным ситуациям и ликвидации последствий стихийных бедствий, Санкт-Петербургский университет ГПС МЧС России имени Героя Российской Федерации генерала армии Е. Н. Зиничева, Главное управление МЧС России по городу Санкт-Петербургу |
| 203 ## - ВИД СОДЕРЖАНИЯ И ТИП СРЕДСТВА | |
| Вид содержания | Текст |
| -- | Изображение |
| Дополнительные сведения об издании | визуальные |
| Тип средства | непосредственные |
| 210 ## - ПУБЛИКАЦИЯ, РАСПРОСТРАНЕНИЕ И ДР. | |
| Место издания, распространения и т.д. | Санкт-Петербург |
| Имя издателя, распространителя и т. д. | Санкт-Петербургский университет ГПС МЧС России |
| Дата издания, распространения и т.д. | 2023 |
| 215 ## - ФИЗИЧЕСКАЯ ХАРАКТЕРИСТИКА | |
| Специфическое обозначение материала и объем | 82 с. |
| Другие сведения о физической характеристике | ил., цв. ил., табл |
| Размеры | 21 |
| 300 ## - ОБЩИЕ ПРИМЕЧАНИЯ | |
| Текст примечания | На обл. авт. не указаны |
| 300 ## - ОБЩИЕ ПРИМЕЧАНИЯ | |
| Текст примечания | Над вых. дан. авт.: Денисов И. П., заместитель Министра РФ, Гавалюк Б. В., доц., д-р техн. наук, Крымский В. В., доц., канд. экон. наук, Турсенев С. А., доц., канд. техн. наук [и др.] |
| 320 ## - ПРИМЕЧАНИЯ О НАЛИЧИИ В ДОКУМЕНТЕ БИБЛИОГРАФИИ / УКАЗАТЕЛЯ | |
| Текст примечания | Библиогр.: с. 74 (13 назв.) |
| 606 1# - НАИМЕНОВАНИЕ ТЕМЫ КАК ПРЕДМЕТ | |
| Наименование темы | Многоэтажные жилые дома |
| Формальный подзаголовок | Учебные издания для высших учебных заведений |
| Тематический подзаголовок | Пожарная охрана |
| Системный номер авторитетной/нормативной записи | 2598147 |
| Идентификатор авторитетной/нормативной записи | RU\NLR\AUTH\6601744290 |
| 606 1# - НАИМЕНОВАНИЕ ТЕМЫ КАК ПРЕДМЕТ | |
| Наименование темы | Пожары |
| Формальный подзаголовок | Учебные издания для высших учебных заведений |
| Тематический подзаголовок | Динамика |
| Системный номер авторитетной/нормативной записи | 1917875 |
| Идентификатор авторитетной/нормативной записи | RU\NLR\AUTH\66874721 |
| 686 1# - ИНДЕКСЫ ДРУГИХ КЛАССИФИКАЦИЙ | |
| Индекс | Н961.1я73-1 |
| 701 #1 - ИМЯ ЛИЦА - АЛЬТЕРНАТИВНАЯ ОТВЕТСТВЕННОСТЬ | |
| Начальный элемент ввода | Гавкалюк |
| Часть имени, кроме начального элемента ввода | Б. В. |
| Даты | 1965- |
| Расширение инициалов личного имени | Богдан Васильевич |
| 701 #1 - ИМЯ ЛИЦА - АЛЬТЕРНАТИВНАЯ ОТВЕТСТВЕННОСТЬ | |
| Начальный элемент ввода | Крымский |
| Часть имени, кроме начального элемента ввода | В. В. |
| Расширение инициалов личного имени | Виталий Вячеславович |
| 701 #1 - ИМЯ ЛИЦА - АЛЬТЕРНАТИВНАЯ ОТВЕТСТВЕННОСТЬ | |
| Начальный элемент ввода | Турсенев |
| Часть имени, кроме начального элемента ввода | С. А. |
| Расширение инициалов личного имени | Сергей Александрович |
| 702 #1 - ИМЯ ЛИЦА - ВТОРИЧНАЯ ОТВЕТСТВЕННОСТЬ | |
| Код отношения | Редактор |
| Начальный элемент ввода | Денисов |
| Часть имени, кроме начального элемента ввода | И. П. |
| Дополнения к именам, кроме дат | генерал-лейтенант |
| Даты | 1971- |
| Расширение инициалов личного имени | Илья Павлович |
| Системный номер авторитетной/нормативной записи | 181979 |
| Идентификатор авторитетной/нормативной записи | RU\NLR\AUTH\770182030 |
| 942 ## - ДОПОЛНИТЕЛЬНЫЕ ЭЛЕМЕНТЫ ЗАПИСИ (АБИС) | |
| Тип экземпляра АБИС | Книга |
| 980 ## - КОЛЛЕКЦИЯ | |
| Название коллекции | Национальная библиография |
Нет доступных экземпляров.